000
00326nam a2200145Ia 4500
008
230718s9999 xx 000 0 und d
041
_a
Eng.
082
_a
342.14
_b
MIL-T
100
_a
Milada Broukal
245
0
_a
To efl word
260
_a
Pakistan
_b
Peterson? Puble
_c
2010
300
_a
245
650
_a
Law
999
_c
26693
_d
26693